000 00797nam a22002417a 4500
003 UA-OsUOA
001 30974
007 ta
008 20041119b un ||||| |||| 00| 0 ukr d
100 _aАсиновская С.А.
090 _a08
_bА90
942 _cBK
040 _aUA-OsUOA
_brus
_cUA-OsUOA
_dUA-OsUOA
245 _aИз истории передовой русской медиевистики 40-х-начала 50-х XIX века
_bАвторефератдисертации на соискание ученой степени кандидата исторических наук
300 _a16 с.
955 _a0
041 _arus
080 _a08
260 _aМосква
_bАкадемия наук СССР
_c1952
044 _aRU
650 7 _2UDC
999 _c317395
_d317395